MDQL
is popping MORE tags! Check the
thread
!
Quizzes
Events
Quiz Creation
Community
Videos
Private Events
Remove Ads
Sign In
Join for FREE
Feedback
Dark Mode
Quiz Categories
Sports
Geography
Music
Movies
Television
Just For Fun
Miscellaneous
History
Literature
Language
Science
Gaming
Entertainment
Religion
Holiday
For Kids
Quiz Lab
Recent
Popular Today
Quiz Kudos Today
Editor Picks
Curator Picks
Quizzes by...
Day
Popularity
Type
Ratings
Length
Year
Community
Subscriptions
Recent Discussions
Orange Saloon
Badges
Playlists
Quests
Create
Leaderboards
Showdown
Live 5
Trivia Bingo
Activity
Puzzle Library
Sporcle Events
Private Events
Virtual Trivia
Globe League
Become a Host
Pub Owners
SporcleCon
Opinionation
Our Games
Videos
Blog
Mobile Apps
Partnerships
Remove Ads and Go Orange
Feedback
Sports
Athletes
MLB
NBA
NHL
NFL
Soccer
Sports Teams
WWE
NCAA
Football
Premier League
Basketball
Baseball
Hockey
Golf
Tennis
Cricket
Rugby
Auto Racing
Olympics
World Cup
Sports
Athletes
MLB
NBA
NHL
NFL
Soccer
Sports Teams
WWE
NCAA
Football
Premier League
Basketball
Baseball
Hockey
Golf
Tennis
Cricket
Rugby
Auto Racing
Olympics
World Cup
Random Quiz
Search Sporcle
×
Quiz Lab
Quiz Lab
Sports
Blitz
Type in answers that appear in a list
Type in answers that appear in a list
Classic
Best Score? Go Orange.
60 Second Blitz: WWE Women's and Divas Champions Stats
Can you name the most WWE Women's and Divas Champions possible in 60 seconds?
By
nscox
60s
41 Questions
1,657 Plays
1,657 Plays
1,657 Plays
Comments
Comments
Give Quiz Kudos
Give Quiz Kudos
-
- Ratings
hide this ad
More Info
Replay
Link that replays current quiz
Next Quiz
Link to next quiz in quiz playlist
You Got
0%
They Got
Avg Score
50%
Avg Friend Score
Upgrade to see
Score Distribution
Jump to the score distribution portion of the page
Score
0/41
Timer
01:00
0
Plays Today
Wrestler
% Correct
Trish Stratus
80.7%
Lita
78.3%
Nikki Bella
73.5%
Michelle McCool
73.4%
Brie Bella
72.2%
A.J.
70.6%
The Fabulous Moolah
69.5%
Beth Phoenix
65.9%
Charlotte
64.3%
Paige
62.9%
Layla
62.7%
Mickie James
61.5%
Melina
58.6%
Leilani Kai
58.4%
Sable
57.7%
Ivory
56.9%
Kelly Kelly
54.7%
Candice Michelle
53.1%
Jazz
52.3%
Chyna
50.8%
Natalya
50.6%
Wrestler
% Correct
Jacqueline
50.5%
Eve Torres
50.4%
Wendi Richter
48.8%
Victoria
48.6%
Molly Holly
47.5%
Alundra Blayze
47.2%
Maryse
46.4%
Alicia Fox
43.5%
Stephanie McMahon
42.6%
Gail Kim
41.6%
Miss Kitty
41%
Kaitlyn
40.9%
Debra
40.3%
Sensational Sherri
36.6%
Bull Nakano
35.5%
Rockin' Robin
33.6%
Jillian Hall
33%
Bertha Faye
32.4%
Velvet McIntyre
31%
Hervina
29.6%
Quiz Playlist
Details
Report
Send in Message
Add To Playlist
More Info:
Last updated Jan. 14, 2013.
Classic:
Type in answers that appear in a list
Quiz Source
Last Updated: Feb 16, 2017
Quiz Scoreboard
CHALLENGE
Sign Up to Join the Scoreboard
Show All
Scores
Hide
Comments
May contain spoilers
Recently Published
Holiday 10x10 Sorting Gallery
by lukepisani3
Holiday
15m
Two Season TV Shows II
by 123Four
Television
10m
Image Sorting: Flags VI
by Barbecue
Geography
2m
More to Explore
Quiz From the Vault
Featured Blog Post
14 Easter Pick-up Lines to Find Eggs With
hide this ad
You Might Also Like...
Tags
Blitz Quiz
WWE Quiz
60 Seconds
Championship
Diva
Women
Wrestlers
Wrestling
WWF
Today's Top Quizzes in Sports
Browse Sports
hide this ad
Today's Top Quizzes in Blitz
Browse Blitz
Top Contributed Quizzes in Sports
1
Les meilleurs buteurs des matchs entre le PSG et l’OM
2
Les entraîneurs de l'OM et du PSG au 21e siècle
3
2022 World Cup Stars
4
Players with Multiple 50 Home Run Seasons
5
Les joueurs passés par le PSG et l'OM
6
FIFA Club World Cup Champions
7
Top 10 NHL Goal Scorers of All Time
8
Criteria MLB: Left Handed Sluggers
9
Les joueurs passés par le LOSC et le RC Lens
10
2023 MLB Unique Player Accomplishments
Explore More
Trending Topics
NBA
Anime
Marvel
Disney
Kpop
Harry Potter
Crossword
Puzzle
NFL
WWE
Pokémon
Song
Country
The Office
Soccer
hide this ad
More By:
nscox
Quiz
Plays
Rating
Category
Featured
Created
2012 Summer Olympics Minefield
527,212
4.14
Sports
Jul 11, 2012
NHL Teams (Redux)
280,115
4.17
Sports
Mar 31, 2012
WWE 'Money in the Bank' Match Participants
246,847
4.23
Sports
Jun 27, 2011
Every WrestleMania Match 1-31!
240,055
4.57
Sports
Mar 4, 2012
Famous Wrestlers by Picture
236,497
4.21
Sports
Sep 13, 2012
Go to Creator's Profile
Score Distribution
Quiz Creator Spotlight
nscox
Follow
Send a Message
Quizzes Created
-
Created Quiz Play Count
-
More By This Creator
Popular Quizzes Today
1
Find the US States - No Outlines Minefield
2
Colored Red Africa Blitz
3
Find the 'City' Movie
4
The Countries of the World
5
Find the US States
6
5x2 Blitz: Bands
7
Find the Countries of Europe - No Outlines Minefield
8
US States
More Sports Quizzes
2021 Biggest Signings Crossword
Quiz Lab
Trending Quizzes
Colored Red Europe Blitz I
Colored Red Europe Blitz II
Colored Red Africa Blitz II
Colored Red Africa Blitz III
Colored Red Europe Blitz III
Recently Updated
Odd Team Out - Big 4 Players
pecheneg
Quick Pick: 20 Twenties
pecheneg
March Madness Men's Triple Doubles
pecheneg
How Do You Spell That?
pecheneg
Godzilla Movies
pecheneg
Grab Bag: 4-10 Letters
pecheneg
2024 March Madness Bracket
pecheneg
Famous TV Couples
Peacemaker
Champions League XIs: Real Madrid
pecheneg
Largest US Cities 1790-2010
pecheneg
Trending Topics
Marvel
Disney
Harry Potter
Crossword
Kpop
Anime
NBA
Soccer
NFL
The Office
Country
Song
WWE
Pokémon
Puzzle
Your Account Isn't Verified!
In order to create a playlist on Sporcle, you need to verify the email address you used during registration. Go to your
Sporcle Settings
to finish the process.
Report this User
Report this user for behavior that violates our
Community Guidelines
.
Details:
Send Report
Go to the Sporcle.com Mobile Site →
Comments